000 01068cam a2200241 4500
008 030528n2003 000 0 eng u
020 _a0727732188
035 _a(Sirsi) u122447
041 0 _aeng
050 0 4 _a692.8 $2 18
100 1 _aGriffith, Alan
245 0 0 _aBest practice tendering for design and build projects
260 _aLondon
_bThomas Telford
_c2003
300 _axi, 164p.
_c24cm.
350 _a25
520 _aA comprehensive guide for practitioners and students, this book reports on the experiences of construction professionals involved in design and build contracts and suggests practical tools for the application of best practice tendering. Topics discussed include the development of tendering arrangements, pre-qualification, competition in design and build projects, ethics, practical considerations and published guidance.
651 4 _aInternational
690 _aProcurement
_96260
700 1 _aKnight, Andrew
700 1 _aKing, Andrew
710 2 _aEngineering and Physical Sciences Research Council
_9167
942 _n0
999 _c102849
_d102849